| 000 | 00694nam a22001937a 4500 | ||
|---|---|---|---|
| 999 |
_c171681 _d171681 |
||
| 005 | 20200117125234.0 | ||
| 010 | _aA-159796 | ||
| 020 |
_c25.00 _a- |
||
| 035 | _aA-159796 | ||
| 037 |
_bBPPD/Pub. _a- |
||
| 082 | _a846 | ||
| 100 | _aمر تبہ: عنو ا ن چشتی ا و ر صغير ا حسنی | ||
| 245 |
_aمکا تيب ا حسن _cمر تبہ: عنو ا ن چشتی ا و ر صغير ا حسنی |
||
| 246 |
_bMakatib-e-Ahsan (Urdu) _aEdited by Unwan Chishti &Sagheer Ahsani |
||
| 260 |
_aN.Delhi _bModern Publishing House _c1983 ء |
||
| 270 |
_a9,Gola Market ,Darya ganj, _bN.Delhi _e2 _k- _l- |
||
| 300 |
_a160 ص _c22 Cm(Hb) |
||
| 942 |
_2ddc _cUR _h846 _mا ح س |
||